Tiếng anh đàm thoại dành cho nhân viên văn phòng = Spoken Engish for office staff
Uloženo v:
| Médium: | Kniha |
|---|---|
| Jazyk: | Undetermined |
| Vydáno: |
Tp. HCM
Tp. HCM
2002
|
| Témata: | |
| Tagy: |
Přidat tag
Žádné tagy, Buďte první, kdo otaguje tento záznam!
|
| Thư viện lưu trữ: | Trung tâm Học liệu Trường Đại học Cần Thơ |
|---|
| LEADER | 00573nam a2200193Ia 4500 | ||
|---|---|---|---|
| 001 | CTU_54761 | ||
| 008 | 210402s9999 xx 000 0 und d | ||
| 020 | |b 38000 | ||
| 082 | |a 428.34 | ||
| 082 | |b T306 | ||
| 245 | 0 | |a Tiếng anh đàm thoại dành cho nhân viên văn phòng | |
| 245 | 0 | |b = Spoken Engish for office staff | |
| 245 | 0 | |c Biên dịch Nguyễn Thành Yến | |
| 260 | |a Tp. HCM | ||
| 260 | |b Tp. HCM | ||
| 260 | |c 2002 | ||
| 650 | |a english language | ||
| 650 | |x spoken english | ||
| 980 | |a Trung tâm Học liệu Trường Đại học Cần Thơ | ||